[Event "DEM U10 2025"]
[Site "Willingen GER"]
[Date "2025.06.12"]
[Round "7"]
[White "Kutlar, Aras"]
[Black "Lüttgen, Jona"]
[Result "1-0"]
[Termination "normal"]
[Board "3"]
[WhiteElo "1835"]
[BlackElo "1621"]
[WhiteClock "00:50:58"]
[BlackClock "00:12:41"]
[PlyCount "83"]
[WhiteFideId "51682117"]
[BlackFideId "533014124"]
[EventCountry "GER"]
[EventRounds "9"]
[EventType "swiss"]
[EventDate "2025.06.07"]

1. e4 {[%clk 01:30:48]} {[%emt 00:00:12]} c5 {[%clk 01:30:56]} {[%emt
00:00:05]} 2. Nf3 {[%clk 01:31:03]} {[%emt 00:00:15]} a6 {[%clk 01:31:21]}
{[%emt 00:00:05]} 3. c3 {[%clk 01:31:06]} {[%emt 00:00:26]} d5 {[%clk
01:31:24]} {[%emt 00:00:27]} 4. exd5 {[%clk 01:31:24]} {[%emt 00:00:12]} Qxd5
{[%clk 01:31:46]} {[%emt 00:00:09]} 5. d4 {[%clk 01:31:26]} {[%emt 00:00:27]}
e6 {[%clk 01:31:20]} {[%emt 00:00:55]} 6. Be3 {[%clk 01:31:30]} {[%emt
00:00:26]} Nd7 {[%emt 00:01:34]} 7. Nbd2 {[%clk 01:30:02]} {[%emt 00:01:48]} b5
{[%clk 01:25:18]} {[%emt 00:05:38]} 8. Bd3 {[%clk 01:29:30]} {[%emt 00:01:02]}
Ngf6 {[%clk 01:23:41]} {[%emt 00:02:07]} 9. O-O {[%clk 01:29:21]} {[%emt
00:00:39]} c4 {[%clk 01:17:21]} {[%emt 00:06:50]} 10. Bc2 {[%clk 01:28:37]}
{[%emt 00:01:14]} Bd6 {[%clk 01:14:08]} {[%emt 00:03:43]} 11. Re1 {[%clk
01:27:47]} {[%emt 00:01:20]} O-O {[%clk 01:11:00]} {[%emt 00:03:39]} 12. Bg5
{[%clk 01:26:27]} {[%emt 00:01:49]} Be7 {[%clk 01:01:19]} {[%emt 00:10:11]} 13.
Ne4 {[%clk 01:24:59]} {[%emt 00:01:58]} Rb8 {[%clk 00:58:57]} {[%emt 00:02:53]}
14. Nxf6+ {[%clk 01:24:10]} {[%emt 00:01:19]} Nxf6 {[%clk 00:57:01]} {[%emt
00:02:25]} 15. Re5 {[%clk 01:21:24]} {[%emt 00:03:14]} Qd8 {[%clk 00:55:57]}
{[%emt 00:01:36]} 16. Re1 {[%clk 01:18:39]} {[%emt 00:03:15]} h6 {[%clk
00:54:14]} {[%emt 00:02:13]} 17. Bh4 {[%clk 01:17:36]} {[%emt 00:01:33]} Bb7
{[%clk 00:52:36]} {[%emt 00:02:08]} 18. Ne5 {[%clk 01:16:52]} {[%emt 00:01:15]}
Nd7 {[%clk 00:50:35]} {[%emt 00:02:30]} 19. Bg3 {[%clk 01:15:50]} {[%emt
00:01:33]} Nxe5 {[%clk 00:49:50]} {[%emt 00:01:14]} 20. Bxe5 {[%clk 01:16:06]}
{[%emt 00:00:14]} Bd6 {[%clk 00:49:09]} {[%emt 00:01:11]} 21. Qg4 {[%clk
01:13:00]} {[%emt 00:03:36]} Bxe5 {[%clk 00:48:38]} {[%emt 00:01:01]} 22. Rxe5
{[%clk 01:13:02]} {[%emt 00:00:29]} Qf6 {[%clk 00:45:50]} {[%emt 00:03:18]} 23.
Rae1 {[%clk 01:11:09]} {[%emt 00:02:22]} Rbd8 {[%clk 00:43:53]} {[%emt
00:02:27]} 24. R1e3 {[%clk 01:09:50]} {[%emt 00:01:48]} Rd5 {[%clk 00:40:52]}
{[%emt 00:03:32]} 25. f4 {[%clk 01:09:29]} {[%emt 00:00:51]} Rfd8 {[%clk
00:38:49]} {[%emt 00:02:33]} 26. Rg3 {[%clk 01:06:12]} {[%emt 00:03:47]} b4
{[%clk 00:37:21]} {[%emt 00:01:57]} 27. h4 {[%clk 00:57:40]} {[%emt 00:09:02]}
a5 {[%clk 00:32:46]} {[%emt 00:05:07]} 28. Rge3 {[%clk 00:56:33]} {[%emt
00:01:36]} a4 {[%clk 00:31:20]} {[%emt 00:01:56]} 29. f5 {[%clk 00:53:11]}
{[%emt 00:03:53]} Bc8 {[%clk 00:28:06]} {[%emt 00:03:43]} 30. fxe6 {[%clk
00:52:15]} {[%emt 00:01:27]} Bxe6 {[%clk 00:27:24]} {[%emt 00:01:12]} 31. Qe4
{[%clk 00:51:47]} {[%emt 00:00:58]} g6 {[%clk 00:24:41]} {[%emt 00:03:12]} 32.
Rf3 {[%clk 00:51:15]} {[%emt 00:01:01]} Qg7 {[%clk 00:21:08]} {[%emt 00:04:04]}
33. Rxe6 {[%clk 00:48:30]} {[%emt 00:03:15]} fxe6 {[%clk 00:20:14]} {[%emt
00:01:24]} 34. Qxe6+ {[%clk 00:48:53]} {[%emt 00:00:08]} Kh8 {[%clk 00:19:54]}
{[%emt 00:00:49]} 35. Rf7 {[%clk 00:48:52]} {[%emt 00:00:32]} R5d6 {[%clk
00:17:40]} {[%emt 00:02:43]} 36. Qe7 {[%clk 00:49:05]} {[%emt 00:00:18]} R6d7
{[%clk 00:14:20]} {[%emt 00:03:47]} 37. Rxg7 {[%clk 00:49:14]} {[%emt
00:00:24]} Rxe7 {[%clk 00:14:35]} {[%emt 00:00:15]} 38. Rxe7 {[%clk 00:49:38]}
{[%emt 00:00:06]} b3 {[%clk 00:14:12]} {[%emt 00:00:52]} 39. axb3 {[%clk
00:49:57]} {[%emt 00:00:11]} axb3 {[%clk 00:14:22]} {[%emt 00:00:21]} 40. Bxg6
{[%clk 00:50:09]} {[%emt 00:00:18]} Ra8 {[%clk 00:13:11]} {[%emt 00:01:41]} 41.
Re8+ {[%clk 00:50:33]} {[%emt 00:00:05]} Rxe8 {[%clk 00:12:41]} {[%emt
00:01:00]} 42. Bxe8 {[%clk 00:50:58]} {[%emt 00:00:05]} 1-0

[Event "DEM U10 2025"]
[Site "Willingen GER"]
[Date "2025.06.12"]
[Round "7"]
[White "Reese, Oscar"]
[Black "Vlad, Mark"]
[Result "1-0"]
[Termination "normal"]
[Board "4"]
[WhiteElo "1666"]
[BlackElo "1686"]
[WhiteClock "01:14:26"]
[BlackClock "00:39:53"]
[PlyCount "81"]
[WhiteFideId "34644474"]
[BlackFideId "34663258"]
[EventCountry "GER"]
[EventRounds "9"]
[EventType "swiss"]
[EventDate "2025.06.07"]

1. e4 {[%clk 01:30:56]} {[%emt 00:00:03]} d5 {[%clk 01:30:51]} {[%emt
00:00:10]} 2. exd5 {[%clk 01:31:20]} {[%emt 00:00:06]} Nf6 {[%clk 01:31:12]}
{[%emt 00:00:08]} 3. Nf3 {[%clk 01:31:40]} {[%emt 00:00:09]} Nxd5 {[%clk
01:31:35]} {[%emt 00:00:07]} 4. d4 {[%clk 01:31:57]} {[%emt 00:00:13]} Bg4
{[%clk 01:31:35]} {[%emt 00:00:30]} 5. Be2 {[%clk 01:31:56]} {[%emt 00:00:30]}
e6 {[%clk 01:31:56]} {[%emt 00:00:10]} 6. O-O {[%clk 01:32:16]} {[%emt
00:00:09]} Be7 {[%clk 01:32:19]} {[%emt 00:00:08]} 7. c4 {[%clk 01:32:39]}
{[%emt 00:00:07]} Nb6 {[%clk 01:32:43]} {[%emt 00:00:06]} 8. Nc3 {[%clk
01:32:41]} {[%emt 00:00:29]} Nc6 {[%clk 01:33:01]} {[%emt 00:00:12]} 9. d5
{[%clk 01:31:53]} {[%emt 00:01:18]} exd5 {[%clk 01:32:15]} {[%emt 00:01:15]}
10. cxd5 {[%clk 01:32:13]} {[%emt 00:00:10]} Nb4 {[%clk 01:32:22]} {[%emt
00:00:23]} 11. Qd4 {[%clk 01:31:59]} {[%emt 00:00:44]} Bxf3 {[%clk 01:31:25]}
{[%emt 00:01:27]} 12. Bxf3 {[%clk 01:32:03]} {[%emt 00:00:25]} Nc2 {[%clk
01:31:14]} {[%emt 00:00:42]} 13. Qxg7 {[%clk 01:32:21]} {[%emt 00:00:11]} Bf6
{[%clk 01:31:15]} {[%emt 00:00:30]} 14. Qg4 {[%clk 01:31:58]} {[%emt 00:00:52]}
Qe7 {[%clk 01:16:26]} {[%emt 00:15:20]} 15. Rb1 {[%clk 01:26:41]} {[%emt
00:05:48]} h5 {[%clk 01:12:27]} {[%emt 00:04:28]} 16. Qh3 {[%clk 01:22:13]}
{[%emt 00:04:54]} Bxc3 {[%emt 00:11:56]} 17. bxc3 {[%clk 01:19:49]} {[%emt
00:02:52]} Qc5 {[%clk 00:58:27]} {[%emt 00:03:09]} 18. Qf5 {[%clk 01:18:05]}
{[%emt 00:02:13]} Na3 {[%clk 00:51:19]} {[%emt 00:07:39]} 19. Re1+ {[%clk
01:16:41]} {[%emt 00:01:54]} Kf8 {[%clk 00:48:06]} {[%emt 00:03:43]} 20. Bxh5
{[%clk 01:13:11]} {[%emt 00:03:59]} Rxh5 {[%clk 00:42:26]} {[%emt 00:06:11]}
21. Qxh5 {[%clk 01:12:20]} {[%emt 00:01:19]} Kg8 {[%clk 00:42:28]} {[%emt
00:00:29]} 22. Qg4+ {[%clk 01:11:37]} {[%emt 00:01:14]} Kh7 {[%clk 00:42:07]}
{[%emt 00:00:52]} 23. Qh4+ {[%clk 01:11:58]} {[%emt 00:00:09]} Kg8 {[%clk
00:42:03]} {[%emt 00:00:28]} 24. Be3 {[%clk 01:11:20]} {[%emt 00:01:13]} Qxc3
{[%clk 00:41:45]} {[%emt 00:00:49]} 25. Bd4 {[%clk 01:11:37]} {[%emt 00:00:13]}
Qxd4 {[%clk 00:37:05]} {[%emt 00:05:10]} 26. Qxd4 {[%clk 01:11:55]} {[%emt
00:00:12]} Nxb1 {[%clk 00:37:30]} {[%emt 00:00:05]} 27. Rxb1 {[%clk 01:12:11]}
{[%emt 00:00:14]} Rd8 {[%clk 00:37:41]} {[%emt 00:00:13]} 28. Re1 {[%clk
01:12:34]} {[%emt 00:00:13]} Rxd5 {[%clk 00:37:53]} {[%emt 00:00:19]} 29. Re8+
{[%clk 01:12:55]} {[%emt 00:00:09]} Kh7 {[%clk 00:38:14]} {[%emt 00:00:08]} 30.
Qh4+ {[%clk 01:12:43]} {[%emt 00:00:41]} Kg6 {[%clk 00:38:27]} {[%emt
00:00:17]} 31. Rg8+ {[%clk 01:13:05]} {[%emt 00:00:09]} Kf5 {[%clk 00:38:29]}
{[%emt 00:00:28]} 32. Rg5+ {[%clk 01:13:12]} {[%emt 00:00:23]} Ke6 {[%clk
00:38:44]} {[%emt 00:00:15]} 33. Qh6+ {[%clk 01:13:29]} {[%emt 00:00:13]} f6
{[%clk 00:39:07]} {[%emt 00:00:07]} 34. Rxd5 {[%clk 01:13:40]} {[%emt
00:00:19]} Nxd5 {[%clk 00:39:31]} {[%emt 00:00:06]} 35. h4 {[%clk 01:13:54]}
{[%emt 00:00:16]} c5 {[%clk 00:39:55]} {[%emt 00:00:06]} 36. h5 {[%clk
01:14:11]} {[%emt 00:00:12]} c4 {[%clk 00:40:16]} {[%emt 00:00:10]} 37. Qf8
{[%clk 01:13:55]} {[%emt 00:00:45]} c3 {[%clk 00:40:18]} {[%emt 00:00:29]} 38.
h6 {[%clk 01:13:52]} {[%emt 00:00:32]} c2 {[%clk 00:40:31]} {[%emt 00:00:18]}
39. Qc8+ {[%clk 01:14:16]} {[%emt 00:00:06]} Kf7 {[%clk 00:40:37]} {[%emt
00:00:24]} 40. h7 {[%clk 01:14:21]} {[%emt 00:00:25]} Ne7 {[%clk 00:39:53]}
{[%emt 00:01:13]} 41. Qxc2 {[%clk 01:14:26]} {[%emt 00:00:24]} 1-0

[Event "DEM U10 2025"]
[Site "Willingen GER"]
[Date "2025.06.12"]
[Round "7"]
[White "Alloussi, Arian"]
[Black "Sander, Tino"]
[Result "1-0"]
[Termination "normal"]
[Board "5"]
[WhiteElo "1851"]
[BlackElo "1800"]
[WhiteClock "00:34:05"]
[BlackClock "00:27:59"]
[PlyCount "115"]
[WhiteFideId "34637788"]
[BlackFideId "34636110"]
[EventCountry "GER"]
[EventRounds "9"]
[EventType "swiss"]
[EventDate "2025.06.07"]

1. e4 {[%clk 01:30:59]} {[%emt 00:00:01]} e5 {[%clk 01:30:53]} {[%emt
00:00:07]} 2. Nf3 {[%clk 01:31:23]} {[%emt 00:00:06]} Nc6 {[%clk 01:31:18]}
{[%emt 00:00:05]} 3. Bc4 {[%clk 01:31:46]} {[%emt 00:00:07]} Bc5 {[%clk
01:31:43]} {[%emt 00:00:06]} 4. O-O {[%clk 01:32:06]} {[%emt 00:00:09]} Nf6
{[%clk 01:31:46]} {[%emt 00:00:27]} 5. d3 {[%clk 01:32:28]} {[%emt 00:00:09]}
O-O {[%clk 01:32:05]} {[%emt 00:00:09]} 6. Bg5 {[%clk 01:32:42]} Be7 {[%clk
01:31:18]} {[%emt 00:01:34]} 7. Re1 {[%clk 01:31:37]} d6 {[%clk 01:29:06]}
{[%emt 00:04:17]} 8. c3 {[%clk 01:28:42]} {[%emt 00:03:25]} Bg4 {[%clk
01:20:57]} {[%emt 00:08:39]} 9. h3 {[%clk 01:27:38]} {[%emt 00:01:32]} Bh5
{[%clk 01:21:02]} {[%emt 00:00:26]} 10. Nbd2 {[%clk 01:25:54]} {[%emt
00:02:14]} Qd7 {[%clk 01:18:20]} {[%emt 00:03:12]} 11. b4 {[%clk 01:24:41]}
{[%emt 00:01:44]} h6 {[%clk 01:12:46]} {[%emt 00:06:04]} 12. Bh4 {[%clk
01:23:44]} {[%emt 00:01:26]} Rae8 {[%clk 01:02:15]} {[%emt 00:11:02]} 13. Qb3
{[%clk 01:20:18]} {[%emt 00:03:56]} Kh8 {[%clk 00:48:18]} {[%emt 00:14:27]} 14.
a4 {[%clk 01:15:20]} {[%emt 00:05:28]} Nh7 {[%clk 00:44:24]} {[%emt 00:04:24]}
15. a5 {[%clk 01:14:21]} {[%emt 00:01:29]} Ng5 {[%clk 00:38:49]} {[%emt
00:06:05]} 16. Bxg5 {[%clk 01:07:36]} {[%emt 00:07:15]} Bxg5 {[%clk 00:38:56]}
{[%emt 00:00:24]} 17. Nxg5 {[%clk 01:01:00]} {[%emt 00:07:05]} hxg5 {[%clk
00:38:59]} {[%emt 00:00:27]} 18. a6 {[%clk 00:59:51]} {[%emt 00:01:39]} Rb8
{[%clk 00:33:16]} {[%emt 00:06:13]} 19. Qa4 {[%clk 00:56:09]} {[%emt 00:04:12]}
bxa6 {[%clk 00:30:31]} {[%emt 00:03:15]} 20. Bxa6 {[%clk 00:52:26]} {[%emt
00:04:13]} f6 {[%clk 00:29:35]} {[%emt 00:01:25]} 21. Bb5 {[%clk 00:52:21]}
{[%emt 00:00:35]} Be8 {[%clk 00:21:04]} {[%emt 00:09:01]} 22. Bxc6 {[%clk
00:51:01]} {[%emt 00:01:50]} Qxc6 {[%clk 00:21:27]} {[%emt 00:00:08]} 23. Qxc6
{[%clk 00:51:20]} {[%emt 00:00:11]} Bxc6 {[%clk 00:21:56]} {[%emt 00:00:01]}
24. Rxa7 {[%clk 00:51:33]} {[%emt 00:00:16]} Rfc8 {[%clk 00:21:36]} {[%emt
00:00:50]} 25. Rea1 {[%clk 00:47:40]} {[%emt 00:04:24]} Kg8 {[%clk 00:20:33]}
{[%emt 00:01:33]} 26. Nb3 {[%clk 00:39:12]} {[%emt 00:08:57]} Bb5 {[%clk
00:15:04]} {[%emt 00:05:59]} 27. c4 {[%clk 00:37:50]} {[%emt 00:01:53]} Be8
{[%clk 00:15:13]} {[%emt 00:00:20]} 28. b5 {[%clk 00:28:13]} {[%emt 00:10:08]}
c6 {[%clk 00:14:48]} {[%emt 00:00:55]} 29. Na5 {[%clk 00:24:38]} {[%emt
00:04:04]} cxb5 {[%clk 00:14:23]} {[%emt 00:00:55]} 30. Nb7 {[%clk 00:23:50]}
{[%emt 00:01:18]} bxc4 {[%clk 00:08:34]} {[%emt 00:06:19]} 31. Nxd6 {[%clk
00:22:36]} {[%emt 00:01:43]} Rd8 {[%clk 00:09:01]} {[%emt 00:00:04]} 32. Nxe8
{[%clk 00:21:01]} {[%emt 00:02:05]} Rxe8 {[%clk 00:09:30]} 33. dxc4 {[%clk
00:19:55]} {[%emt 00:01:36]} Rbc8 {[%clk 00:09:49]} {[%emt 00:00:11]} 34. Rc1
{[%clk 00:19:27]} {[%emt 00:00:58]} Rc5 {[%clk 00:09:23]} {[%emt 00:00:57]} 35.
Ra4 {[%clk 00:18:36]} {[%emt 00:01:21]} Rec8 {[%clk 00:09:05]} {[%emt
00:00:48]} 36. Rb4 {[%clk 00:17:35]} {[%emt 00:01:31]} Kf7 {[%clk 00:08:34]}
{[%emt 00:01:01]} 37. f3 {[%clk 00:16:51]} {[%emt 00:01:14]} Kg6 {[%clk
00:08:39]} {[%emt 00:00:26]} 38. Kf2 {[%clk 00:16:05]} {[%emt 00:01:16]} Kh5
{[%clk 00:08:06]} {[%emt 00:01:02]} 39. g3 {[%clk 00:15:25]} {[%emt 00:01:11]}
Kg6 {[%clk 00:08:16]} {[%emt 00:00:19]} 40. Ke3 {[%clk 00:14:57]} {[%emt
00:00:57]} Rh8 {[%clk 00:08:04]} {[%emt 00:00:43]} 41. Rb5 {[%clk 00:11:57]}
{[%emt 00:03:30]} Rc7 {[%clk 00:08:19]} {[%emt 00:00:15]} 42. c5 {[%clk
00:11:15]} {[%emt 00:01:13]} Rxh3 {[%clk 00:08:02]} {[%emt 00:00:47]} 43. c6
{[%clk 00:11:21]} {[%emt 00:00:23]} Rh8 {[%clk 00:08:23]} {[%emt 00:00:09]} 44.
Rb7 {[%clk 00:11:20]} {[%emt 00:00:32]} Rhc8 {[%clk 00:08:47]} {[%emt
00:00:06]} 45. Rxc7 {[%clk 00:09:13]} {[%emt 00:02:37]} Rxc7 {[%clk 00:09:00]}
{[%emt 00:00:17]} 46. Rc5 {[%clk 00:09:08]} {[%emt 00:00:34]} Kf7 {[%clk
00:09:11]} {[%emt 00:00:20]} 47. Kd3 {[%clk 00:09:31]} {[%emt 00:00:07]} Ke6
{[%clk 00:09:09]} {[%emt 00:00:32]} 48. Kc4 {[%clk 00:09:52]} {[%emt 00:00:09]}
Ke7 {[%clk 00:26:29]} {[%emt 00:13:09]} 49. Kb5 {[%clk 00:38:57]} {[%emt
00:01:26]} Kd8 {[%clk 00:26:19]} {[%emt 00:00:40]} 50. Kb6 {[%clk 00:38:44]}
{[%emt 00:00:42]} Kc8 {[%clk 00:26:38]} {[%emt 00:00:11]} 51. Ra5 {[%clk
00:39:01]} {[%emt 00:00:14]} Kd8 {[%clk 00:27:01]} {[%emt 00:00:07]} 52. Ra8+
{[%clk 00:34:42]} {[%emt 00:04:49]} Rc8 {[%clk 00:27:23]} {[%emt 00:00:08]} 53.
c7+ {[%emt 00:01:21]} Kd7 {[%clk 00:27:41]} {[%emt 00:00:10]} 54. Rxc8 {[%clk
00:33:16]} {[%emt 00:01:06]} Kxc8 {[%clk 00:28:07]} {[%emt 00:00:04]} 55. g4
{[%clk 00:33:15]} {[%emt 00:00:31]} f5 {[%clk 00:27:30]} {[%emt 00:01:07]} 56.
gxf5 {[%clk 00:33:18]} {[%emt 00:00:27]} g4 {[%clk 00:27:40]} {[%emt 00:00:20]}
57. fxg4 {[%clk 00:33:42]} {[%emt 00:00:06]} g5 {[%clk 00:27:59]} {[%emt
00:00:11]} 58. fxg6 {[%clk 00:34:05]} {[%emt 00:00:07]} 1-0

[Event "DEM U10 2025"]
[Site "Willingen GER"]
[Date "2025.06.12"]
[Round "7"]
[White "Mudriievskyi, Jan"]
[Black "Gwardak, Jakob"]
[Result "0-1"]
[Termination "normal"]
[Board "6"]
[WhiteElo "1670"]
[BlackElo "1736"]
[WhiteClock "00:06:04"]
[BlackClock "00:03:42"]
[PlyCount "146"]
[WhiteFideId "34676473"]
[BlackFideId "34670556"]
[EventCountry "GER"]
[EventRounds "9"]
[EventType "swiss"]
[EventDate "2025.06.07"]

1. e4 {[%clk 01:30:46]} {[%emt 00:00:12]} c5 {[%clk 01:30:53]} {[%emt
00:00:07]} 2. Nf3 {[%clk 01:30:50]} {[%emt 00:00:25]} e6 {[%clk 01:31:10]}
{[%emt 00:00:15]} 3. d4 {[%clk 01:30:44]} {[%emt 00:00:35]} cxd4 {[%clk
01:31:23]} {[%emt 00:00:18]} 4. Nxd4 {[%clk 01:30:44]} {[%emt 00:00:28]} Nf6
{[%clk 01:31:35]} {[%emt 00:00:18]} 5. Nc3 {[%clk 01:29:46]} {[%emt 00:01:28]}
Nc6 {[%clk 01:31:46]} {[%emt 00:00:21]} 6. Nxc6 {[%clk 01:26:37]} {[%emt
00:03:40]} bxc6 {[%clk 01:31:51]} {[%emt 00:00:24]} 7. Bd3 {[%clk 01:21:59]}
{[%emt 00:05:08]} d5 {[%clk 01:30:41]} {[%emt 00:01:40]} 8. exd5 {[%clk
01:21:59]} {[%emt 00:00:30]} cxd5 {[%clk 01:30:46]} {[%emt 00:00:25]} 9. O-O
{[%clk 01:21:17]} {[%emt 00:01:11]} Be7 {[%clk 01:28:13]} {[%emt 00:03:04]} 10.
Re1 {[%clk 01:19:23]} {[%emt 00:02:23]} O-O {[%clk 01:27:24]} {[%emt 00:01:20]}
11. Bf4 {[%clk 01:18:56]} {[%emt 00:00:57]} a6 {[%clk 01:24:11]} {[%emt
00:03:43]} 12. Qf3 {[%clk 01:09:37]} {[%emt 00:09:48]} Re8 {[%clk 01:12:51]}
{[%emt 00:11:51]} 13. Rad1 {[%clk 00:57:38]} {[%emt 00:12:29]} Bd7 {[%clk
00:57:39]} {[%emt 00:15:42]} 14. Be5 {[%clk 00:55:09]} {[%emt 00:02:59]} Bc6
{[%clk 00:51:51]} {[%emt 00:06:18]} 15. Qh3 {[%clk 00:48:20]} {[%emt 00:07:19]}
g6 {[%clk 00:49:19]} {[%emt 00:03:03]} 16. Kh1 {[%clk 00:34:23]} {[%emt
00:14:26]} Bf8 {[%clk 00:44:34]} {[%emt 00:05:15]} 17. Be4 {[%clk 00:26:58]}
{[%emt 00:07:56]} Bg7 {[%clk 00:42:00]} {[%emt 00:03:04]} 18. Bf3 {[%clk
00:26:18]} {[%emt 00:01:09]} Qb6 {[%clk 00:38:43]} {[%emt 00:03:47]} 19. Qh4
{[%clk 00:24:47]} {[%emt 00:02:01]} Nd7 {[%clk 00:37:46]} {[%emt 00:01:27]} 20.
Bxg7 {[%clk 00:22:29]} {[%emt 00:02:48]} Kxg7 {[%clk 00:37:42]} {[%emt
00:00:35]} 21. b3 {[%clk 00:21:30]} {[%emt 00:01:29]} Qc7 {[%clk 00:31:14]}
{[%emt 00:06:57]} 22. Qd4+ {[%clk 00:20:25]} {[%emt 00:01:35]} Kg8 {[%clk
00:28:28]} {[%emt 00:03:16]} 23. Re2 {[%clk 00:19:59]} {[%emt 00:00:56]} Rac8
{[%clk 00:24:34]} {[%emt 00:04:24]} 24. Rde1 {[%clk 00:19:39]} {[%emt
00:00:51]} Red8 {[%clk 00:21:02]} {[%emt 00:04:01]} 25. Qd2 {[%clk 00:15:37]}
{[%emt 00:04:32]} Kg7 {[%clk 00:20:54]} {[%emt 00:00:38]} 26. Qg5 {[%clk
00:12:25]} {[%emt 00:03:41]} Qd6 {[%clk 00:15:56]} {[%emt 00:05:28]} 27. Bg4
{[%clk 00:10:28]} {[%emt 00:02:27]} Nf8 {[%clk 00:14:05]} {[%emt 00:02:21]} 28.
h4 {[%clk 00:09:00]} {[%emt 00:01:58]} h6 {[%clk 00:09:59]} {[%emt 00:04:37]}
29. Qd2 {[%clk 00:07:44]} {[%emt 00:01:46]} Qe7 {[%clk 00:07:25]} {[%emt
00:03:04]} 30. Qd4+ {[%clk 00:07:31]} {[%emt 00:00:43]} Qf6 {[%clk 00:06:55]}
{[%emt 00:01:00]} 31. Qxf6+ {[%clk 00:07:47]} {[%emt 00:00:14]} Kxf6 {[%clk
00:07:16]} {[%emt 00:00:10]} 32. h5 {[%clk 00:07:02]} {[%emt 00:01:15]} g5
{[%clk 00:07:21]} {[%emt 00:00:25]} 33. Nd1 {[%clk 00:06:28]} {[%emt 00:01:05]}
Bb5 {[%clk 00:07:10]} {[%emt 00:00:41]} 34. Re3 {[%clk 00:06:47]} {[%emt
00:00:11]} Rc7 {[%clk 00:06:50]} {[%emt 00:00:50]} 35. a4 {[%clk 00:06:39]}
{[%emt 00:00:38]} Bc6 {[%clk 00:06:47]} {[%emt 00:00:33]} 36. Rc3 {[%clk
00:06:07]} {[%emt 00:01:02]} Rdc8 {[%clk 00:06:49]} {[%emt 00:00:28]} 37. Be2
{[%clk 00:05:52]} {[%emt 00:00:44]} Bb7 {[%clk 00:06:11]} {[%emt 00:01:09]} 38.
Rxc7 {[%clk 00:04:11]} {[%emt 00:02:12]} Rxc7 {[%clk 00:06:32]} {[%emt
00:00:09]} 39. Ne3 {[%clk 00:04:32]} {[%emt 00:00:08]} Nd7 {[%clk 00:05:37]}
{[%emt 00:01:25]} 40. Ng4+ {[%clk 00:04:30]} {[%emt 00:00:33]} Kg7 {[%clk
00:05:52]} {[%emt 00:00:16]} 41. Bd3 {[%clk 00:04:41]} {[%emt 00:00:19]} Nc5
{[%clk 00:26:47]} {[%emt 00:09:34]} 42. Rb1 {[%clk 00:18:34]} {[%emt 00:16:37]}
Bc8 {[%clk 00:24:25]} {[%emt 00:02:53]} 43. b4 {[%clk 00:16:42]} {[%emt
00:02:23]} Nxd3 {[%clk 00:23:13]} {[%emt 00:01:41]} 44. cxd3 {[%clk 00:17:00]}
{[%emt 00:00:12]} Bd7 {[%clk 00:23:22]} {[%emt 00:00:22]} 45. b5 {[%clk
00:14:13]} {[%emt 00:03:18]} Rb7 {[%clk 00:22:07]} {[%emt 00:01:43]} 46. Ne5
{[%clk 00:11:21]} {[%emt 00:03:23]} axb5 {[%clk 00:14:50]} {[%emt 00:07:47]}
47. Nxd7 {[%clk 00:11:39]} {[%emt 00:00:12]} Rxd7 {[%clk 00:15:03]} {[%emt
00:00:17]} 48. axb5 {[%clk 00:12:03]} {[%emt 00:00:06]} Rb7 {[%clk 00:15:21]}
{[%emt 00:00:12]} 49. Kh2 {[%clk 00:12:22]} {[%emt 00:00:10]} Kf6 {[%clk
00:15:32]} {[%emt 00:00:20]} 50. Kg3 {[%clk 00:11:50]} {[%emt 00:01:02]} Ke5
{[%clk 00:15:32]} {[%emt 00:00:30]} 51. Rb3 {[%clk 00:11:25]} {[%emt 00:00:56]}
Kd4 {[%clk 00:15:43]} {[%emt 00:00:18]} 52. f4 {[%clk 00:11:38]} {[%emt
00:00:16]} f6 {[%clk 00:14:52]} {[%emt 00:01:22]} 53. fxg5 {[%clk 00:10:56]}
{[%emt 00:01:11]} fxg5 {[%clk 00:15:05]} {[%emt 00:00:17]} 54. Kf3 {[%clk
00:10:13]} {[%emt 00:01:13]} Rf7+ {[%clk 00:13:12]} {[%emt 00:02:23]} 55. Ke2
{[%clk 00:10:19]} {[%emt 00:00:23]} Rb7 {[%clk 00:12:35]} {[%emt 00:01:08]} 56.
Kf3 {[%clk 00:10:34]} {[%emt 00:00:14]} Kc5 {[%clk 00:09:03]} {[%emt 00:04:03]}
57. Ke3 {[%clk 00:10:54]} {[%emt 00:00:10]} Rxb5 {[%clk 00:08:13]} {[%emt
00:01:19]} 58. Rxb5+ {[%clk 00:11:02]} {[%emt 00:00:23]} Kxb5 {[%clk 00:08:12]}
{[%emt 00:00:31]} 59. Kd4 {[%clk 00:11:16]} {[%emt 00:00:16]} Kb4 {[%clk
00:08:30]} {[%emt 00:00:12]} 60. g4 {[%clk 00:09:45]} {[%emt 00:02:00]} Kb3
{[%clk 00:08:52]} {[%emt 00:00:08]} 61. Ke5 {[%clk 00:09:02]} {[%emt 00:01:13]}
Kc3 {[%clk 00:09:15]} {[%emt 00:00:07]} 62. Kxe6 {[%clk 00:08:56]} {[%emt
00:00:36]} d4 {[%clk 00:09:39]} {[%emt 00:00:06]} 63. Kf6 {[%clk 00:09:10]}
{[%emt 00:00:15]} Kxd3 {[%clk 00:10:03]} {[%emt 00:00:06]} 64. Kg6 {[%clk
00:09:32]} {[%emt 00:00:08]} Ke4 {[%clk 00:10:11]} {[%emt 00:00:22]} 65. Kxh6
{[%clk 00:09:54]} {[%emt 00:00:08]} d3 {[%clk 00:08:16]} {[%emt 00:02:25]} 66.
Kxg5 {[%clk 00:10:06]} {[%emt 00:00:18]} d2 {[%clk 00:08:42]} {[%emt 00:00:05]}
67. Kg6 {[%clk 00:08:15]} {[%emt 00:02:21]} d1=Q {[%clk 00:09:06]} {[%emt
00:00:06]} 68. g5 {[%clk 00:08:36]} {[%emt 00:00:09]} Qd7 {[%clk 00:06:16]}
{[%emt 00:03:19]} 69. h6 {[%clk 00:08:41]} {[%emt 00:00:25]} Qe7 {[%clk
00:05:43]} {[%emt 00:01:04]} 70. h7 {[%clk 00:07:21]} {[%emt 00:01:50]} Qe5
{[%clk 00:05:27]} {[%emt 00:00:46]} 71. Kh6 {[%clk 00:06:25]} {[%emt 00:01:25]}
Kf4 {[%clk 00:03:29]} {[%emt 00:02:29]} 72. g6 {[%clk 00:06:38]} {[%emt
00:00:17]} Qf6 {[%clk 00:03:42]} {[%emt 00:00:17]} 73. h8=Q {[%clk 00:06:04]}
{[%emt 00:01:03]} Qxh8# {[%emt 00:00:10]} 0-1